Cultura generale ITA #17 - Statistics

Statistiche generali
  • Questo quiz è stato fatto 389 volte
  • Il punteggio medio è 9 su 20
Statistiche sulle risposte
Hint Risposta % Corretto
Altro nome con cui è conosciuto Odisseo Ulisse
87%
La terra tra due fiumi Mesopotamia
80%
Il re che trasformava in oro tutto ciò che toccava Mida
76%
Il primo antibiotico estratto naturalmente, scoperto da Alexander Fleming nel 1928 Penicillina
72%
Personaggio inventato da Carlo Lorenzini, in arte Carlo Collodi Pinocchio
67%
L'organo più grande del corpo umano Derma
63%
La scrittura estesa dell'acronimo DNA Acido Desossiribonucleico
61%
Aeroporto di Bergamo Orio al Serio
57%
Oggetto semitrasparente che si usa nei laboratori di ottica per scomporre la luce nel suo spettro Prisma
48%
La galassia più vicina alla via lattea Andromeda
45%
Il testo fondamentale della religione ebraica (in ebraico) Torah
45%
Tipica via veneziana Calle
40%
Pratica retorica in cui si afferma il contrario di ciò che si lascia intendere Ironia
38%
Alberi famosamente apprezzati da Van Gogh Cipressi
37%
Stato il cui titolo del sovrano è Negus (Re), oppure Negus Neghesti (Imperatore) Etiopia
34%
Animali come mucche, pecore, cervi e stambecchi Ruminanti
22%
Mossa degli scacchi che possono fare solo i pedoni En passant
21%
Filosofo greco, inventore del Tetrafarmaco Epicuro
19%
Anime (serie animata orientale) in cui compaiono dei personaggi chiamati come lettere dell'alfabeto Deathnote
11%
Gruppo di cui fa parte Damon Albarn, oltre ai Blur Gorillaz
11%
Nessun quiz corrispondente trovato
Distribuzione punteggi
Percentuale di utenti per punteggio
Percentile per numero di risposta
I tuoi punteggi nel tempo
Non hai fatto questo quiz